[Event "GER-chT U16"]
[Site "Darmstadt"]
[Date "2022.12.28"]
[Round "4"]
[White "Lesser, Luan"]
[Black "Atze, Reinhard"]
[Result "1-0"]
[WhiteElo "1413"]
[BlackElo "1329"]
[PlyCount "93"]
[EventDate "2022.12.26"]
[EventType "team-swiss"]
[EventRounds "7"]
[EventCountry "GER"]
[SourceTitle "CBM 212 Extra"]
[Source "ChessBase"]
[SourceDate "2023.03.31"]
[SourceVersion "1"]
[SourceVersionDate "2023.03.31"]
[SourceQuality "1"]
[WhiteTeam "Guettingen Rochade"]
[BlackTeam "Plauen Koenig"]
[WhiteTeamCountry "GER"]
[BlackTeamCountry "GER"]

1. e4 e5 2. f4 d5 3. exd5 c6 4. dxc6 Nxc6 5. Nf3 e4 6. Qe2 Qe7 7. Ne5 Nxe5 8. fxe5 Qxe5 9. Qb5+ Qxb5 10. Bxb5+ Bd7 11. Bxd7+ Kxd7 12. Rf1 Nf6 13. b3 Be7 14. Nc3 Rac8 15. Bb2 Rhe8 16. 0-0-0 Bd8 17. Rde1 Bb6 18. Na4 Bd8 19. Bxf6 Bxf6 20. Rf4 Re6 21. Rexe4 Ra6 22. Kb1 Rd6 23. d3 Rdc6 24. c4 Rd6 25. Kc2 Ra6 26. d4 b5 27. Nc5+ Rxc5 28. dxc5 Rxa2+ 29. Kd3 bxc4+ 30. Kxc4 Rxg2 31. h4 Rc2+ 32. Kb5 a5 33. Rc4 Rb2 34. Rf3 Kc7 35. Kxa5 Kc6 36. Kb4 Ra2 37. h5 h6 38. Rf5 Ra7 39. Rc2 Rd7 40. Ra2 Rd4+ 41. Ka3 Rd3 42. Ka4 Rd4+ 43. b4 Rc4 44. Raf2 Bc3 45. R2f4 Bd4 46. Ka5 Rc1 47. b5+ 1-0

[Event "GER-ch Net Amateur Gr-C Vor2"]
[Site "Playchess.com INT"]
[Date "2020.04.15"]
[Round "9"]
[White "Atze, Reinhard"]
[Black "Foeing, Sebastian"]
[Result "0-1"]
[WhiteElo "1584"]
[BlackElo "1404"]
[PlyCount "22"]
[EventDate "2020.04.15"]
[EventType "swiss (blitz)"]
[EventRounds "9"]
[EventCountry "GER"]
[SourceTitle "CBM 196 Extra"]
[Source "ChessBase"]
[SourceDate "2020.07.31"]
[SourceVersion "1"]
[SourceVersionDate "2020.07.31"]
[SourceQuality "1"]

1. e4 e5 2. Nf3 Nc6 3. d4 exd4 4. Bc4 d6 5. Nxd4 Nxd4 6. Qxd4 Be7 7. Qd5 Be6 8. Bb5+ c6 9. Qd4 cxb5 10. Qxg7 Bf6 11. Qh6 Nxh6 0-1

[Event "GER-ch Net Amateur Gr-C Vor2"]
[Site "Playchess.com INT"]
[Date "2020.04.15"]
[Round "4"]
[White "Atze, Reinhard"]
[Black "Kuever, Benjamin"]
[Result "1/2-1/2"]
[WhiteElo "1584"]
[BlackElo "1651"]
[PlyCount "49"]
[EventDate "2020.04.15"]
[EventType "swiss (blitz)"]
[EventRounds "9"]
[EventCountry "GER"]
[SourceTitle "CBM 196 Extra"]
[Source "ChessBase"]
[SourceDate "2020.07.31"]
[SourceVersion "1"]
[SourceVersionDate "2020.07.31"]
[SourceQuality "1"]

1. e4 c5 2. Nf3 Nc6 3. d4 cxd4 4. Bc4 Nf6 5. Nxd4 Nxe4 6. Nxc6 bxc6 7. Qf3 d5 8. Bb3 e5 9. c4 Bb4+ 10. Nd2 Bxd2+ 11. Bxd2 Nxd2 12. Kxd2 0-0 13. cxd5 cxd5 14. Rhd1 Qg5+ 15. Ke2 Bg4 16. h4 Bxf3+ 17. gxf3 Qxh4 18. Bxd5 Rac8 19. Be4 Qh5 20. Rh1 Qg5 21. Bxh7+ Kh8 22. Bg6+ Kg8 23. Bh7+ Kh8 24. Bg6+ Kg8 25. Bh7+ 1/2-1/2

[Event "GER-chT U10"]
[Site "Magdeburg"]
[Date "2016.12.28"]
[Round "5.1"]
[White "Bungarten, Jona"]
[Black "Atze, Reinhard"]
[Result "1-0"]
[WhiteElo "1555"]
[BlackElo "1169"]
[PlyCount "91"]
[EventDate "2016.12.27"]
[EventType "team-swiss"]
[EventRounds "7"]
[EventCountry "GER"]
[SourceTitle "EXT 2018"]
[Source "ChessBase"]
[SourceDate "2017.10.13"]
[SourceVersion "1"]
[SourceVersionDate "2017.10.13"]
[SourceQuality "1"]
[WhiteTeam "Brackel"]
[BlackTeam "Plauen Koenig"]
[WhiteTeamCountry "GER"]
[BlackTeamCountry "GER"]

1. e4 e5 2. Nf3 Nc6 3. Bc4 Nf6 4. Ng5 d5 5. exd5 Na5 6. Bb5+ c6 7. dxc6 bxc6 8. Qf3 Bg4 9. Bxc6+ Nxc6 10. Qxc6+ Nd7 11. Qd5 Bh5 12. Nf3 Qb8 13. 0-0 Bd6 14. Re1 0-0 15. Nc3 Nf6 16. Qb3 Qc7 17. Nb5 Qe7 18. Nxd6 Bxf3 19. Nf5 Qc5 20. Qxf3 e4 21. Qg3 Qxf5 22. d3 exd3 23. Qxd3 Rfe8 24. Rxe8+ Rxe8 25. Be3 Qe6 26. Bxa7 Nd5 27. h3 Nb4 28. Qb3 Nd5 29. Rd1 Qa6 30. Qxd5 Qxa7 31. Qd7 Qb8 32. c4 h6 33. c5 Rf8 34. c6 Rc8 35. b4 Kh7 36. b5 Rc7 37. Qd8 Qa7 38. Rd7 Rxd7 39. Qxd7 Qxa2 40. Qd1 Qa5 41. Qc1 Qc7 42. Qb1+ Kh8 43. b6 Qb8 44. c7 Qb7 45. Qc1 Qxb6 46. c8Q+ 1-0

[Event "GER-chT U10"]
[Site "Magdeburg"]
[Date "2016.12.28"]
[Round "4.1"]
[White "Dorendorf, Mika"]
[Black "Atze, Reinhard"]
[Result "0-1"]
[WhiteElo "906"]
[BlackElo "1169"]
[PlyCount "66"]
[EventDate "2016.12.27"]
[EventType "team-swiss"]
[EventRounds "7"]
[EventCountry "GER"]
[SourceTitle "EXT 2018"]
[Source "ChessBase"]
[SourceDate "2017.10.13"]
[SourceVersion "1"]
[SourceVersionDate "2017.10.13"]
[SourceQuality "1"]
[WhiteTeam "Hamburger SK II"]
[BlackTeam "Plauen Koenig"]
[WhiteTeamCountry "GER"]
[BlackTeamCountry "GER"]

1. c4 e5 2. Nc3 Nf6 3. g3 d5 4. e3 dxc4 5. Bxc4 Bg4 6. Nge2 Bf3 7. 0-0 Be7 8. d4 exd4 9. Qxd4 Nbd7 10. Qf4 Bc6 11. Nd4 0-0 12. Nxc6 bxc6 13. e4 Bd6 14. Qf3 Ne5 15. Qe2 Nxc4 16. Qxc4 c5 17. Re1 Re8 18. f4 Bf8 19. e5 Qd7 20. Rd1 Qc6 21. exf6 Qxf6 22. Nd5 Qe6 23. Nxc7 Qxc4 24. b3 Qc2 25. Be3 Qc3 26. Bd2 Qd4+ 27. Be3 Qxe3+ 28. Kh1 Rad8 29. Re1 Qf3+ 30. Kg1 Rxe1+ 31. Rxe1 Rd2 32. Re2 Rd1+ 33. Re1 Rxe1# 0-1

[Event "GER-chT U10"]
[Site "Magdeburg"]
[Date "2016.12.27"]
[Round "2.1"]
[White "Niemann, Leon Pascal"]
[Black "Atze, Reinhard"]
[Result "1-0"]
[WhiteElo "1437"]
[BlackElo "1169"]
[PlyCount "41"]
[EventDate "2016.12.27"]
[EventType "team-swiss"]
[EventRounds "7"]
[EventCountry "GER"]
[SourceTitle "EXT 2018"]
[Source "ChessBase"]
[SourceDate "2017.10.13"]
[SourceVersion "1"]
[SourceVersionDate "2017.10.13"]
[SourceQuality "1"]
[WhiteTeam "Hannover"]
[BlackTeam "Plauen Koenig"]
[WhiteTeamCountry "GER"]
[BlackTeamCountry "GER"]

1. c4 e5 2. Nc3 Nf6 3. g3 d5 4. cxd5 Nxd5 5. Bg2 Nf6 6. Nf3 e4 7. Ng5 Bb4 8. Ngxe4 Nxe4 9. Nxe4 0-0 10. 0-0 Bf5 11. Nc3 c6 12. a3 Bc5 13. b4 Bb6 14. Bb2 Nd7 15. d4 Nf6 16. e3 Bg4 17. Qc2 Rc8 18. Na4 Nd5 19. Nxb6 Nxb6 20. Qd2 c5 21. bxc5 1-0